LEADER 01186nam a2200301 a 4500 001 000000129237 003 CaOOAMICUS 005 20120608163707.0 008 120608s2009 miu u000 u eng r 020 $a978-0-8028-6888-6 040 $aPUL$bita 082 04$a232.9 100 1 $aKeener, Craig S.,$d1960-$0(OLS)http://pul/name/82726 245 14$aThe historical Jesus of the Gospels /$cCraig S. Keener. 260 $aGrand Rapids, Michigan :$bEerdmans,$c2009. 300 $axxxviii, 831 p. ;$c24 cm 504 $aInclude indici e bibliografia (p. [604]-713). 650 04$aCristologia.$0(OLS)http://pul/subject/1402 850 $aPUL 852 $aPUL$W1$xSL Religione 3$y85$m232. 9 KEECR 2$j149654$qDDC 21$B148174$CPULBib$Z2$F148174 $H119986 $82 941 1 $a9 960 $aIesus Christus$91402 960 $aIesus Christus$91402 996 $6020$a978-0-8028-6888-6$9(OLS)http://pul/number/149955 996 $6082$a232.9$9(OLS)http://pul/classification/575 996 $6245$aThe historical Jesus of the Gospels$9(OLS)http://pul/title/163325 996 $6260$aGrand Rapids, Michigan :$bEerdmans$9(OLS)http://pul/publisher/67282 LEADER 01969nam a2200361 u 4500 001 000000077067 003 CaOOAMICUS 005 20240528164950.0 008 040116s2003 be u000 u fre u 020 $a9042913355 032 $aLibriCat 035 $a10981168 040 $aIPA$bita 041 0 $afre$aeng 111 2 $aSymposium européen de logique et de sémantique médiévales$n(13 :$d2000 :$cAvignonee).$0(OLS)http://pul/name/79808 245 13$aLa tradition médiévale des catégories (XIIe-XVe siècles) :$bActes du XIIIe Symposium européen de logique et de sémantique médiévales (Avignon, 6-10 juin 2000) /$créunis par Joël Biard et Irène Rosier-Catach. 260 $aLouvain-la-Neuve :$bEditions de l'Institut supérieur de philosophie ;$aLouvain :$bPeeters,$c2003. 300 $axi, 404 p. ;$c24 cm 490 1 $aPhilosophes médiévaux ;$vt. 45 504 $aBibliografia: p. 379-397. 630 04$aCategoriae$9(Aristoteles, 384-322a.C).$0(OLS)http://pul/subject/26828 650 4$aLogica$yEvo medio.$0(OLS)http://pul/subject/181 700 1 $aBiard, Joël,$d1952-$0(OLS)http://pul/name/15871 700 1 $aRosier-Catach, Irène.$0(OLS)http://pul/name/5890 830 0$aPhilosophes médiévaux ;$vt. 45.$0(OLS)http://pul/title/165 850 $aPUL 852 $aPUL$W1$xSL Filosofia 2$y80$mPhil A3 45$j98983$nBK-PRI$b $qStampati altre collocazioni$B98983$CPULBib$Z2$F98983 $HPUL94220 $81 941 1 $a10 996 $6020$a9042913355$9(OLS)http://pul/number/101030 996 $6245$aLa tradition médiévale des catégories (XIIe-XVe siècles) :$bActes du XIIIe Symposium européen de logique et de sémantique médiévales (Avignon, 6-10 juin 2000)$9(OLS)http://pul/title/101004 996 $6260$aLouvain-la-Neuve :$bEditions de l'Institut supérieur de philosophie$9(OLS)http://pul/publisher/51223 996 $6260$aLouvain :$bPeeters$9(OLS)http://pul/publisher/51661